| 000 | 00603nam a22002177a 4500 | ||
|---|---|---|---|
| 005 | 20260515114909.0 | ||
| 008 | 211111b ||||| |||| 00| 0 eng d | ||
| 020 | _a9789391060961 | ||
| 040 |
_aIN-DiNC _cIN-DiNC |
||
| 041 | _dasm | ||
| 082 |
_a320.5 _bDUT |
||
| 100 |
_aDutta, Mridul _eauthor |
||
| 245 |
_aDhrupadi rajnaitik darshan/ _cby Mridul Dutta and others |
||
| 250 | _a1st ed. | ||
| 260 |
_aDibrugarh: _bBanalata, _c2021 |
||
| 300 | _a298p. | ||
| 650 | _aClassical political philosophy | ||
| 700 |
_aGogoi, Dhrubajyoti _eauthor |
||
| 700 |
_aSaikia, Banashree _eauthor |
||
| 942 |
_2ddc _cBK |
||
| 999 |
_c11206 _d11206 |
||